Cluster Analysis for Researchers

Saved in:
Bibliographic Details
Main Author: Romesburg, H. Charles
Format: Book
Language:English
Published: [S.l.] Lulu Press 2004
Subjects:
Tags: Add Tag
No Tags, Be the first to tag this record!

MARC

LEADER 00000nam a2200000 4500
001 0273473
005 20240226124516.6
020 |a 1-4116-0617-5 
041 0 |a eng 
044 |a GB 
245 1 0 |a Cluster Analysis for Researchers  |c H. Charles Romesburg 
264 1 |a [S.l.]  |b Lulu Press  |c 2004 
300 |a 334 s. 
610 2 0 |a klaster 
610 2 0 |a analýzy 
610 2 0 |a dáta 
610 2 0 |a metódy matematické 
610 2 0 |a štatistika 
610 2 0 |a modely 
610 2 0 |a modelovanie matematické 
610 2 0 |a výskum 
100 1 |a Romesburg, H. Charles